[Event "CZE-chT1E 2122"]
[Site "Czech Republic"]
[Date "2021.11.27"]
[Round "3.1"]
[White "Vesely, Libor"]
[Black "Havelka, Ondrej"]
[Result "0-1"]
[WhiteElo "2191"]
[BlackElo "2158"]
[PlyCount "83"]
[EventDate "2021.10.09"]
[EventType "team-tourn"]
[EventRounds "11"]
[EventCountry "CZE"]
[SourceTitle "EXT 2023"]
[Source "ChessBase"]
[SourceDate "2022.10.05"]
[SourceVersion "1"]
[SourceVersionDate "2022.10.05"]
[SourceQuality "1"]
[WhiteTeam "Poruba Slavoj II"]
[BlackTeam "Hostalkova"]
[WhiteTeamCountry "CZE"]
[BlackTeamCountry "CZE"]

1. e4 e6 2. d4 d5 3. Nc3 Nf6 4. Bg5 Bb4 5. e5 h6 6. Bd2 Bxc3 7. Bxc3 Ne4 8. Bd3 Nxc3 9. bxc3 c5 10. Nf3 Nc6 11. 0-0 Qa5 12. Qe1 Bd7 13. Rb1 c4 14. Be2 Qxa2 15. Rxb7 Qxc2 16. Bd1 Qa2 17. Qd2 Qxd2 18. Nxd2 Na5 19. Rb2 Ke7 20. Bc2 Rhb8 21. Rfb1 Nc6 22. Ba4 Rxb2 23. Rxb2 Nxe5 24. dxe5 Bxa4 25. f4 a5 26. Rb7+ Bd7 27. Nb1 Kd8 28. Kf2 Kc8 29. Rb2 Rb8 30. Rxb8+ Kxb8 31. Ke3 Kc7 32. Kd4 Kc6 33. Na3 h5 34. g3 Be8 35. h3 f6 36. g4 hxg4 37. hxg4 Bg6 38. exf6 gxf6 39. g5 e5+ 40. fxe5 fxg5 41. e6 g4 42. Ke3 0-1

[Event "CZE-chT1E 1920"]
[Site "Czech Republic"]
[Date "2020.02.16"]
[Round "8.5"]
[White "Krmela, Ales"]
[Black "Vesely, Libor"]
[Result "1-0"]
[WhiteElo "2090"]
[BlackElo "2216"]
[PlyCount "61"]
[EventDate "2019.10.20"]
[EventType "team-tourn"]
[EventRounds "11"]
[EventCountry "CZE"]
[SourceTitle "CBM 195 Extra"]
[Source "ChessBase"]
[SourceDate "2020.05.31"]
[SourceVersion "1"]
[SourceVersionDate "2020.05.31"]
[SourceQuality "1"]
[WhiteTeam "Hostalkova"]
[BlackTeam "Poruba Slavoj II"]
[WhiteTeamCountry "CZE"]
[BlackTeamCountry "CZE"]

1. c4 e5 2. Nc3 Nc6 3. g3 g6 4. Bg2 Bg7 5. d3 f5 6. e3 Nf6 7. Nge2 0-0 8. 0-0 d6 9. Rb1 a5 10. b3 Be6 11. d4 exd4 12. exd4 Bf7 13. Bb2 d5 14. cxd5 Nb4 15. Nf4 Nbxd5 16. Ncxd5 Nxd5 17. Nxd5 Bxd5 18. Bxd5+ Qxd5 19. Re1 Rf7 20. Rc1 Rd8 21. Rc2 c5 22. Rce2 cxd4 23. Qd3 Bf6 24. Re6 Kg7 25. Bc1 h6 26. h4 g5 27. h5 Rc7 28. Bd2 Kf7 29. g4 Rc5 30. Qe2 Rd7 31. Rd6 1-0

[Event "CZE-chT1E 1920"]
[Site "Czech Republic"]
[Date "2019.11.10"]
[Round "2.5"]
[White "Fargac, Martin"]
[Black "Vesely, Libor"]
[Result "1/2-1/2"]
[WhiteElo "2249"]
[BlackElo "2216"]
[PlyCount "97"]
[EventDate "2019.10.20"]
[EventType "team-tourn"]
[EventRounds "11"]
[EventCountry "CZE"]
[SourceTitle "CBM 193 Extra"]
[Source "ChessBase"]
[SourceDate "2020.01.31"]
[SourceVersion "1"]
[SourceVersionDate "2020.01.31"]
[SourceQuality "1"]
[WhiteTeam "Trinec"]
[BlackTeam "Poruba Slavoj II"]
[WhiteTeamCountry "CZE"]
[BlackTeamCountry "CZE"]

1. d4 d5 2. Bf4 Nf6 3. e3 e6 4. Nf3 Bd6 5. Bg3 0-0 6. Nbd2 b6 7. Ne5 Bb7 8. Bd3 Ne4 9. Qh5 f5 10. c3 Nd7 11. Nxd7 Qxd7 12. Nf3 Qe8 13. Qxe8 Rfxe8 14. Ne5 a5 15. Bb5 Re7 16. Bh4 g5 17. Bg3 Ba6 18. Ba4 Rf8 19. Nc6 Ref7 20. Ne5 Nxg3 21. hxg3 Bxe5 22. dxe5 f4 23. gxf4 gxf4 24. 0-0-0 fxe3 25. fxe3 Rf1 26. Bd7 Rxd1+ 27. Kxd1 Kg7 28. Bxe6 Re8 29. Bf5 h6 30. Kd2 Rxe5 31. g4 c5 32. a3 Bb5 33. b4 axb4 34. axb4 Be8 35. Ra1 h5 36. bxc5 bxc5 37. Ra5 c4 38. Ra6 hxg4 39. Bxg4 Bf7 40. Rd6 Kf8 41. Bf3 Ke7 42. Rh6 Be6 43. Ke2 Rg5 44. Rh4 Kd6 45. Rd4 Kc5 46. Kf2 Re5 47. e4 dxe4 48. Rxe4 Rxe4 49. Bxe4 1/2-1/2

[Event "CZE-chT1E 1617"]
[Site "Czech Republic"]
[Date "2017.03.26"]
[Round "10.1"]
[White "Vesely, Libor"]
[Black "Bazant, Petr"]
[Result "1-0"]
[WhiteElo "2217"]
[BlackElo "2338"]
[PlyCount "67"]
[EventDate "2016.10.16"]
[EventType "team-tourn"]
[EventRounds "11"]
[EventCountry "CZE"]
[SourceTitle "CBM 177 Extra"]
[Source "ChessBase"]
[SourceDate "2017.04.27"]
[SourceVersion "1"]
[SourceVersionDate "2017.04.27"]
[SourceQuality "1"]
[WhiteTeam "Ostrava"]
[BlackTeam "Stare Mesto"]
[WhiteTeamCountry "CZE"]
[BlackTeamCountry "CZE"]

1. e4 c6 2. d4 d5 3. Nd2 dxe4 4. Nxe4 Nd7 5. Nf3 Ndf6 6. Ng3 Bg4 7. Be2 e6 8. 0-0 Bd6 9. Ne5 Bxe2 10. Qxe2 Ne7 11. Bg5 h6 12. Bxf6 gxf6 13. Ng4 f5 14. Ne5 Qc7 15. Rad1 Rh7 16. Rfe1 Kf8 17. Nh5 Rd8 18. c4 Ng8 19. Qf3 Qe7 20. d5 cxd5 21. cxd5 Nf6 22. dxe6 Bxe5 23. Rxd8+ Qxd8 24. Rxe5 fxe6 25. Rxe6 Rf7 26. Nxf6 Rxf6 27. Rxf6+ Qxf6 28. Qxb7 Qd4 29. g3 f4 30. Kg2 fxg3 31. hxg3 Ke8 32. b3 Qc5 33. a4 h5 34. Qb5+ 1-0

[Event "CZE-chT2F 1617"]
[Site "Czech Republic"]
[Date "2017.02.26"]
[Round "9.5"]
[White "Sveda, Jiri"]
[Black "Vesely, Libor"]
[Result "0-1"]
[WhiteElo "1924"]
[BlackElo "2217"]
[PlyCount "74"]
[EventDate "2016.10.09"]
[EventType "team-tourn"]
[EventRounds "11"]
[EventCountry "CZE"]
[SourceTitle "EXT 2022"]
[Source "ChessBase"]
[SourceDate "2021.10.06"]
[SourceVersion "1"]
[SourceVersionDate "2021.10.06"]
[SourceQuality "1"]
[WhiteTeam "Unicov"]
[BlackTeam "Poruba Slavoj II"]
[WhiteTeamCountry "CZE"]
[BlackTeamCountry "CZE"]

1. e4 c5 2. Nf3 Nc6 3. Bc4 e6 4. d3 a6 5. c3 b5 6. Bb3 Bb7 7. Qe2 Be7 8. 0-0 d6 9. Re1 Nf6 10. Nbd2 Qc7 11. Nf1 h6 12. h3 g5 13. N3h2 0-0-0 14. Ng3 d5 15. e5 Nd7 16. Nf3 Rdg8 17. Nh5 g4 18. hxg4 Rxg4 19. g3 Rhg8 20. Kh2 d4 21. Bf4 Kb8 22. Rac1 Qd8 23. Bd1 Qa5 24. Bb3 Ka8 25. Kh3 R4g6 26. Bd2 Qb6 27. Bf4 Bd8 28. Rg1 Qc7 29. Rge1 Qb6 30. Rg1 Nf8 31. Kh2 Nh7 32. Nh4 Bxh4 33. gxh4 Qd8 34. Bg3 Ne7 35. cxd4 Nf5 36. d5 Rg4 37. Kh3 Qxh4+ 0-1

[Event "CZE-chT2F 1617"]
[Site "Czech Republic"]
[Date "2016.11.27"]
[Round "4.4"]
[White "Sikora, Jan"]
[Black "Vesely, Libor"]
[Result "1/2-1/2"]
[WhiteElo "2229"]
[BlackElo "2217"]
[PlyCount "69"]
[EventDate "2016.10.09"]
[EventType "team-tourn"]
[EventRounds "11"]
[EventCountry "CZE"]
[SourceTitle "EXT 2022"]
[Source "ChessBase"]
[SourceDate "2021.10.06"]
[SourceVersion "1"]
[SourceVersionDate "2021.10.06"]
[SourceQuality "1"]
[WhiteTeam "Trinec II"]
[BlackTeam "Poruba Slavoj II"]
[WhiteTeamCountry "CZE"]
[BlackTeamCountry "CZE"]

1. e4 c5 2. Nc3 Nc6 3. Nf3 g6 4. d4 cxd4 5. Nxd4 Bg7 6. Nde2 Nf6 7. g3 0-0 8. Bg2 d6 9. 0-0 Bd7 10. Re1 Rc8 11. h3 Qa5 12. Nf4 Rfe8 13. Ncd5 Nxd5 14. Nxd5 Ne5 15. Bg5 f6 16. Bd2 Qc5 17. Rc1 Be6 18. Bb4 Qb5 19. Bf1 Qd7 20. Kh2 f5 21. exf5 Bxf5 22. Bc3 Nf7 23. Bxg7 Kxg7 24. g4 Be6 25. Qd4+ Kg8 26. Bg2 Bxd5 27. Qxd5 b6 28. f4 Rc5 29. Qb3 e5 30. Bd5 Kg7 31. Bxf7 Qxf7 32. Qxf7+ Kxf7 33. fxe5 dxe5 34. Re2 b5 35. a3 1/2-1/2

[Event "CZE-chT2F 1617"]
[Site "Czech Republic"]
[Date "2016.11.13"]
[Round "3.4"]
[White "Vesely, Libor"]
[Black "Kawulok, Marek"]
[Result "0-1"]
[WhiteElo "2217"]
[BlackElo "2148"]
[PlyCount "79"]
[EventDate "2016.10.09"]
[EventType "team-tourn"]
[EventRounds "11"]
[EventCountry "CZE"]
[SourceTitle "EXT 2022"]
[Source "ChessBase"]
[SourceDate "2021.10.06"]
[SourceVersion "1"]
[SourceVersionDate "2021.10.06"]
[SourceQuality "1"]
[WhiteTeam "Poruba Slavoj II"]
[BlackTeam "Cesky Tesin"]
[WhiteTeamCountry "CZE"]
[BlackTeamCountry "CZE"]

1. e4 e5 2. Nf3 Nc6 3. d4 exd4 4. Nxd4 Nf6 5. Nxc6 bxc6 6. e5 Qe7 7. Qe2 Nd5 8. Nd2 g6 9. c4 Ba6 10. Qe4 f5 11. exf6 Nxf6 12. Qxe7+ Bxe7 13. Be2 d5 14. 0-0 0-0-0 15. b3 Rhe8 16. Bb2 d4 17. Bf3 Bb7 18. Rfd1 c5 19. a3 a5 20. Rab1 Bxf3 21. Nxf3 Ne4 22. Ne1 Bf6 23. Kf1 Nc3 24. Bxc3 dxc3 25. Rxd8+ Rxd8 26. Rc1 Rd2 27. Nc2 Bd4 28. Ne3 Rb2 29. Nc2 Bg7 30. a4 Rxb3 31. Ke2 Rb6 32. Ne3 Rb4 33. Kd3 Rxa4 34. Nd5 Kd7 35. Re1 Bd4 36. Re2 Ra3 37. Rc2 Kd6 38. f4 h5 39. g3 c6 40. Ne3 0-1

[Event "CZE-chT1E 1617"]
[Site "Czech Republic"]
[Date "2016.10.16"]
[Round "1.2"]
[White "Vesely, Libor"]
[Black "Vyskocil, Neklan"]
[Result "1/2-1/2"]
[WhiteElo "2217"]
[BlackElo "2332"]
[PlyCount "53"]
[EventDate "2016.10.16"]
[EventType "team-tourn"]
[EventRounds "11"]
[EventCountry "CZE"]
[SourceTitle "CBM 175 Extra"]
[Source "ChessBase"]
[SourceDate "2016.12.12"]
[SourceVersion "1"]
[SourceVersionDate "2016.12.12"]
[SourceQuality "1"]
[WhiteTeam "Ostrava"]
[BlackTeam "Brno Moravska Slavia"]
[WhiteTeamCountry "CZE"]
[BlackTeamCountry "CZE"]

1. e4 c5 2. Nf3 Nc6 3. d4 cxd4 4. Nxd4 g6 5. c4 Bg7 6. Be3 Nf6 7. Nc3 0-0 8. Be2 d6 9. 0-0 Bd7 10. Qd2 Nxd4 11. Bxd4 Bc6 12. f3 a5 13. Be3 Nd7 14. Rac1 Nc5 15. b3 Qb6 16. Nd5 Bxd5 17. cxd5 Rfc8 18. Rc2 Qb4 19. Rfc1 Qxd2 20. Bxd2 Bd4+ 21. Kf1 Kg7 22. Bb5 Rf8 23. Rc4 Bb2 24. R1c2 Ba1 25. Rc1 Bb2 26. R1c2 Ba1 27. Rc1 1/2-1/2

[Event "CZE-chT2F 1516"]
[Site "Czech Republic"]
[Date "2016.03.13"]
[Round "9.21"]
[White "Vesely, Libor"]
[Black "Urbanski, Grzegorz"]
[Result "1-0"]
[WhiteElo "2215"]
[BlackElo "2255"]
[PlyCount "131"]
[EventDate "2015.10.18"]
[EventType "team-tourn"]
[EventRounds "11"]
[EventCountry "CZE"]
[SourceTitle "EXT 2022"]
[Source "ChessBase"]
[SourceDate "2021.10.06"]
[SourceVersion "1"]
[SourceVersionDate "2021.10.06"]
[SourceQuality "1"]
[WhiteTeam "Poruba Slavoj II"]
[BlackTeam "Cesky Tesin"]
[WhiteTeamCountry "CZE"]
[BlackTeamCountry "CZE"]

1. e4 e6 2. d4 d5 3. exd5 exd5 4. Bd3 Bd6 5. h3 Nc6 6. c3 h6 7. Be3 Be6 8. Nd2 Nge7 9. Qc2 Qd7 10. 0-0-0 Bf5 11. Ne2 b5 12. g4 Bxd3 13. Qxd3 a5 14. Nf4 Bxf4 15. Bxf4 b4 16. Kb1 0-0 17. Nb3 Qc8 18. Nc5 a4 19. Rhe1 Ng6 20. Bg3 bxc3 21. Qxc3 Na7 22. Qa5 c6 23. Qxa4 Nb5 24. Qb3 Qd8 25. a4 Nd6 26. Qc3 Ra7 27. b3 Qf6 28. Be5 Qd8 29. Re3 Ne7 30. f3 Nec8 31. Qb4 Qg5 32. Rde1 Re8 33. f4 Qg6+ 34. f5 Qg5 35. Bf4 Qd8 36. Rxe8+ Nxe8 37. Qb8 Kh7 38. Nb7 Qb6 39. Nc5 Qd8 40. Ka2 Nf6 41. Re2 Nd7 42. Qb4 Nf6 43. Be5 Nd6 44. Bxd6 Qxd6 45. Qc3 Qd8 46. Qe1 Qd6 47. Re5 Ra8 48. Qc3 Qc7 49. Qb4 Ra7 50. Qe1 Kg8 51. Qe2 Qa5 52. Qe1 Qc7 53. Ka3 Ra8 54. Qe2 Qb6 55. Qd2 Rb8 56. Qc3 Ra8 57. Re7 Qb5 58. Qe1 Qb6 59. Rb7 Qd8 60. Qe7 Qxe7 61. Rxe7 Kf8 62. Re3 Ne8 63. Nd7+ Kg8 64. Ne5 Nd6 65. Nxc6 Kf8 66. Re5 1-0

[Event "CZE-chT2F 1516"]
[Site "Czech Republic"]
[Date "2016.01.10"]
[Round "5.41"]
[White "Vesely, Libor"]
[Black "Szwed, Jacek"]
[Result "1/2-1/2"]
[WhiteElo "2215"]
[BlackElo "2392"]
[PlyCount "122"]
[EventDate "2015.10.18"]
[EventType "team-tourn"]
[EventRounds "11"]
[EventCountry "CZE"]
[SourceTitle "EXT 2022"]
[Source "ChessBase"]
[SourceDate "2021.10.06"]
[SourceVersion "1"]
[SourceVersionDate "2021.10.06"]
[SourceQuality "1"]
[WhiteTeam "Poruba Slavoj II"]
[BlackTeam "Trinec II"]
[WhiteTeamCountry "CZE"]
[BlackTeamCountry "CZE"]

1. e4 e6 2. d4 d5 3. exd5 exd5 4. Nf3 Nc6 5. Bd3 Bd6 6. 0-0 Nge7 7. Nc3 Bg4 8. Nb5 f6 9. Re1 Qd7 10. h3 Bh5 11. Qe2 Bf7 12. Nxd6+ cxd6 13. Bb5 0-0-0 14. Bf4 g5 15. Bh2 g4 16. hxg4 Qxg4 17. c3 Rhg8 18. Bg3 h5 19. Nh4 Qg5 20. Qe3 Kc7 21. a4 Rde8 22. Qf4 Qxf4 23. Bxf4 Ng6 24. Bg3 a6 25. Bd3 Nge7 26. Re2 Nc8 27. Rae1 Rxe2 28. Rxe2 Na5 29. Nf5 Re8 30. Rxe8 Bxe8 31. b4 Nc4 32. a5 Na7 33. Bxc4 dxc4 34. Nxd6 Kd7 35. Nxb7 Nb5 36. Nc5+ Kc6 37. Na4 Bg6 38. Bh4 Bc2 39. Nb2 Nxc3 40. Nxc4 Ne2+ 41. Kh2 Bh7 42. Bxf6 Kb5 43. Ne3 Kxb4 44. d5 Bg8 45. d6 Be6 46. Bd8 Kc5 47. Bc7 Nc3 48. f4 Ne4 49. f5 Bd7 50. Kh3 Kd4 51. Bb6+ Ke5 52. Kh4 Nxd6 53. Bc7 Ke4 54. Bxd6 Kxe3 55. f6 Be8 56. Kg5 Ke4 57. Kh6 Kf5 58. Kg7 Ke6 59. Bg3 Bf7 60. Be1 Be8 61. Bc3 Bf7 1/2-1/2

[Event "CZE-chT2F 1516"]
[Site "Czech Republic"]
[Date "2015.11.08"]
[Round "2.1"]
[White "Dvorak, Martin"]
[Black "Vesely, Libor"]
[Result "1/2-1/2"]
[WhiteElo "2210"]
[BlackElo "2215"]
[PlyCount "47"]
[EventDate "2015.10.18"]
[EventType "team-tourn"]
[EventRounds "11"]
[EventCountry "CZE"]
[SourceTitle "EXT 2022"]
[Source "ChessBase"]
[SourceDate "2021.10.06"]
[SourceVersion "1"]
[SourceVersionDate "2021.10.06"]
[SourceQuality "1"]
[WhiteTeam "Postoupky"]
[BlackTeam "Poruba Slavoj II"]
[WhiteTeamCountry "CZE"]
[BlackTeamCountry "CZE"]

1. e4 c5 2. Nc3 Nc6 3. f4 g6 4. Nf3 Bg7 5. Bc4 e6 6. 0-0 Nge7 7. d3 d5 8. Bb3 a6 9. Qe1 Nd4 10. Nxd4 cxd4 11. Ne2 0-0 12. Qh4 f5 13. e5 Nc6 14. Qf2 Qb6 15. c3 Bd7 16. Rd1 a5 17. Rb1 Rfc8 18. Nxd4 Nxd4 19. Be3 Qa6 20. Bxd4 b5 21. Rbc1 Bf8 22. Be3 a4 23. Bc2 a3 24. b4 1/2-1/2

[Event "Pardubice op rap 26th"]
[Site "Pardubice"]
[Date "2015.07.23"]
[Round "8"]
[White "Vesely, Libor"]
[Black "Gokerkan, Cem Kaan"]
[Result "0-1"]
[WhiteElo "2207"]
[BlackElo "2205"]
[PlyCount "58"]
[EventDate "2015.07.22"]
[EventType "swiss (rapid)"]
[EventRounds "9"]
[EventCountry "CZE"]
[SourceTitle "CBM 167 Extra"]
[Source "ChessBase"]
[SourceDate "2015.09.14"]
[SourceVersion "1"]
[SourceVersionDate "2015.09.14"]
[SourceQuality "1"]

1. e4 c5 2. Nf3 d6 3. d4 cxd4 4. Nxd4 Nf6 5. Nc3 a6 6. Bc4 e6 7. Bb3 Be7 8. 0-0 0-0 9. f4 b5 10. f5 b4 11. Na4 e5 12. Ne2 Bb7 13. Bd5 Bxd5 14. exd5 Qa5 15. c4 bxc3 16. Naxc3 Nbd7 17. Bg5 Nxd5 18. Bxe7 Qb6+ 19. Kh1 Nxe7 20. Ne4 d5 21. f6 Nxf6 22. Nxf6+ gxf6 23. Ng3 Kh8 24. Qh5 Qe6 25. Rae1 Rg8 26. Qh4 Rg5 27. Nh5 Nf5 28. Qh3 Rag8 29. g3 Nxg3+ 0-1

[Event "CZE-chT2F 1314"]
[Site "Czech Republic"]
[Date "2014.02.03"]
[Round "7.12"]
[White "Cempel, Jaroslav"]
[Black "Vesely, Libor"]
[Result "1/2-1/2"]
[WhiteElo "2188"]
[BlackElo "2190"]
[PlyCount "21"]
[EventDate "2013.11.03"]
[EventType "team-tourn"]
[EventRounds "11"]
[EventCountry "CZE"]
[SourceTitle "EXT 2016"]
[Source "ChessBase"]
[SourceDate "2015.10.08"]
[SourceVersion "1"]
[SourceVersionDate "2015.10.08"]
[SourceQuality "1"]
[WhiteTeam "Havirov Banik"]
[BlackTeam "Poruba VOKD"]
[WhiteTeamCountry "CZE"]
[BlackTeamCountry "CZE"]

1. d4 d5 2. Bf4 e6 3. e3 Bd6 4. Bxd6 Qxd6 5. a3 Nf6 6. Nf3 0-0 7. c4 Nbd7 8. Nc3 c6 9. Bd3 Re8 10. 0-0 a6 11. Rc1 1/2-1/2

[Event "CZE-chT2F 1314"]
[Site "Czech Republic"]
[Date "2014.01.19"]
[Round "6.61"]
[White "Slanina, Miroslav"]
[Black "Vesely, Libor"]
[Result "1/2-1/2"]
[WhiteElo "2164"]
[BlackElo "2190"]
[PlyCount "93"]
[EventDate "2013.11.03"]
[EventType "team-tourn"]
[EventRounds "11"]
[EventCountry "CZE"]
[SourceTitle "EXT 2016"]
[Source "ChessBase"]
[SourceDate "2015.10.08"]
[SourceVersion "1"]
[SourceVersionDate "2015.10.08"]
[SourceQuality "1"]
[WhiteTeam "Dobra"]
[BlackTeam "Poruba VOKD"]
[WhiteTeamCountry "CZE"]
[BlackTeamCountry "CZE"]

1. c4 e5 2. g3 Nc6 3. Bg2 d6 4. Nc3 g6 5. d3 Bg7 6. e4 Nge7 7. Nge2 0-0 8. 0-0 f5 9. Nd5 Nxd5 10. cxd5 Ne7 11. Be3 c5 12. dxc6 bxc6 13. Qb3+ Kh8 14. Rac1 Bd7 15. Qa3 Be6 16. d4 fxe4 17. dxe5 Bxe5 18. Bxe4 d5 19. Bc5 Rf7 20. Bg2 Nf5 21. Rfd1 Qb8 22. b3 a5 23. Nd4 Bd7 24. Nxf5 Bxf5 25. Bd4 Bxd4 26. Rxd4 Qe5 27. Rd2 Bd7 28. Qc5 Re7 29. f4 Qe3+ 30. Qxe3 Rxe3 31. Kf2 Rae8 32. Rc5 a4 33. bxa4 Ra3 34. Ra5 Rd8 35. Bf3 Be6 36. Ra6 Bg8 37. Rxc6 Rxa4 38. Bd1 Ra5 39. Bb3 d4 40. Rd3 Bxb3 41. axb3 Ra2+ 42. Kf3 Rxh2 43. Rc4 Rb2 44. b4 Rb8 45. Rdxd4 Rb3+ 46. Kg4 Rb7 47. Re4 1/2-1/2

[Event "CZE-chT2F 1314"]
[Site "Czech Republic"]
[Date "2013.12.15"]
[Round "4.51"]
[White "Roubalik, Jakub"]
[Black "Vesely, Libor"]
[Result "1-0"]
[WhiteElo "2329"]
[BlackElo "2190"]
[PlyCount "109"]
[EventDate "2013.11.03"]
[EventType "team-tourn"]
[EventRounds "11"]
[EventCountry "CZE"]
[SourceTitle "EXT 2016"]
[Source "ChessBase"]
[SourceDate "2015.10.08"]
[SourceVersion "1"]
[SourceVersionDate "2015.10.08"]
[SourceQuality "1"]
[WhiteTeam "Zlin II"]
[BlackTeam "Poruba VOKD"]
[WhiteTeamCountry "CZE"]
[BlackTeamCountry "CZE"]

1. d4 d5 2. c4 dxc4 3. e4 e5 4. Nf3 exd4 5. Bxc4 Bb4+ 6. Bd2 Bxd2+ 7. Nbxd2 Nc6 8. 0-0 Nh6 9. Nb3 0-0 10. Nbxd4 Nxd4 11. Nxd4 c5 12. Nb5 Bd7 13. Nc3 Bc6 14. Qh5 Qd4 15. Bb3 Rae8 16. Rfe1 Kh8 17. Bd5 Bxd5 18. Qxd5 Qxd5 19. Nxd5 Ng4 20. f4 Nf6 21. Nc3 Rd8 22. Rad1 g6 23. Kf2 a6 24. Kf3 Kg7 25. e5 Ng8 26. Na4 Rd4 27. Nxc5 Rfd8 28. Rxd4 Rxd4 29. b3 b6 30. Ne4 f6 31. exf6+ Nxf6 32. Nxf6 Kxf6 33. Rc1 Rd6 34. g4 h5 35. g5+ Ke6 36. Ke4 Rd2 37. Rc6+ Kf7 38. Rc7+ Ke6 39. Rc6+ Kf7 40. Rxb6 Re2+ 41. Kf3 Rxa2 42. Rb7+ Kf8 43. h4 Rh2 44. Kg3 Rb2 45. f5 a5 46. fxg6 a4 47. Rf7+ Kg8 48. bxa4 Rb4 49. Rf4 Rb3+ 50. Rf3 Rb6 51. a5 Ra6 52. Ra3 Kg7 53. Kf4 Kxg6 54. Ke5 Kg7 55. Kd5 1-0